Responses for Show #5995 - Friday, October 8, 2010

Contestants

[<< previous game]

Brad Rodriguez, an assistant general manager of a minor league baseball team from Jacksonville, Florida

Alli Johnson, a Ph.D. candidate and teaching assistant from Moreno Valley, California

Mike Hodel, a bartender from Bellingham, Washington (whose 1-day cash winnings total $2,100)

[next game >>]

Jeopardy! Round responses

SHAKESPEARE'S SETTINGS
HELLO, I'M JOHNNY CASH
BUILDING A RECIPE
MICHIGAN MANIA
THE COLOR OF MONEY
CROSSWORD CLUES "C"
    $200 2
(Brad: What is Julius Caesar?)
(Alli: What is A Midsummer Night's Dream?)

Antony and Cleopatra

AlliBrad
Triple Stumper
    $200 18
(Alli: What is "Ring Of Fire"?)
(Mike: What is "Walk The Line"?)
[Mike was initially ruled correct, but at the start of Double Jeopardy!, it was determined that he gave the name of the biographical film rather than the song title.]

"I Walk The Line"

MikeAlli
Triple Stumper
    $200 1
portobello

Alli
    $200 21
Gerber

Brad
    $200 16
Mao

Brad
    $200 11
coral

Mike
    $400 3
(Alli: What is A Midsummer's Night Dream?)
...
(Alex: You put that possessive "S"... and it doesn't belong. It's [*], not "Midsummer's".)

A Midsummer Night's Dream

Alli
Triple Stumper
    $400 19
June Carter Cash

Alli
    $400 7
a reduction

Brad
    $400 22
the Republican party

Alli
    $400 17
Einstein

Alli
    $400 12
catnap

Alli
    $600 4
Macbeth

Alli
    $600 20
a "Ring Of Fire"

Brad
    $600 8
arugula

Mike
    $600 24
United Auto Workers

Brad
    $600 23
the Sphinx

Brad
    $600 13
Cork

Brad
    $800 5
Elsinore

Alli
    $800 30
"Folsom Prison Blues"

Alli
    $800 9
unleavened

Triple Stumper
    $800 25
(Alex: You got them both in there!)

the Seven Years' War / the French and Indian War

Alli
    $800 26
(James) Joyce

Mike
    $800 14
chard

Mike
    $1000 6
Arden

Mike
    $1000 29
Rosanne Cash

Alli
    $1000 10
a Napoleon

Alli
    $1000 28
Battle Creek

Alli
    $1000 27
Poland

Mike
    $1000 15
cooper

Mike

Scores at the first commercial break (after clue 10):

Mike Alli Brad
$1,600 $2,000 $200

Scores at the end of the Jeopardy! Round:

Mike Alli Brad
$5,200 $7,000 $3,000

Double Jeopardy! Round responses

BALLET
DEATH & CINEMA
NAME YOUR DISEASE
YOU SANK MY BATTLESHIP!
FRENCH CITIES?
FROM "A" TO "W"
(Alex: Each correct response will begin with an "A" and end with a "W.")
    $400 1
Moscow

Brad
    $400 4
Psycho

Alli
    $400 17
Lou Gehrig's disease

Brad
    $400 14
the Iowa

Mike
    $400 5
Paris

Brad
    $400 22
allow

Brad
    $800 2
(Brad: What is a nesting doll?)
(Mike: What is a nutcracker?)

a puppet

MikeBrad
Triple Stumper
    $800 6
Bill

Brad
    $800 20
Alzheimer

Mike
    $800 15
the Maine

Mike
    $800 10
(Alex: And the English word is [*], and the French city is [*].)

Tours

Triple Stumper
    $800 26
[end-of-round signal sounds]

avow

Brad
    $1200 3
(Alli: Who is Baryshnikov?)
...
(Alex: He preceded Baryshnikov.)

Nureyev

MikeAlli
    $1200 7
(Alex: And that was [*].)

Bruce Willis

Triple Stumper
    $1200 21
(Alex: And the 2 names are [*]. A minute to go now, Mike.)

Epstein-Barr

Triple Stumper
    $1200 16
the Merrimack & the Monitor

Alli
    $1200 11
Cognac

Mike
    $1600 8
(Brad: Who is Gollum?)

Boromir

Brad
Triple Stumper
    $1600 23
Hodgkin's

Alli
    $2,500 18
(Alex: It's a memorial--it's still there.)

the Arizona

Brad
    $1600 12
(Alex: Famous hotel--[*]--French town also.)

Fontainebleau

Triple Stumper
    $1600 24
askew

Brad
    $2000 9
RoboCop

Brad
    $2000 19
(Alex: And that was the Graf [*].)

Spee

Triple Stumper
    $2000 13
(Alex: [*]--good for you! You came up with the toughest. Way to go!)

Sedan

Mike
    $2,500 25
Arrow

Brad

Scores at the end of the Double Jeopardy! Round:

Mike Alli Brad
$10,800 $9,000 $12,400

[wagering suggestions for these scores]

Final Jeopardy! Round responses

BESTSELLING AUTHORS
(Alex: Now, I mentioned I loved this clue when I first read it. I also didn't get it right.)
AlliWho is Stephen King
$8,999
MikeWho is Paterson?
$7,300
BradWho is Friedman?
$9,201
James Patterson

Final scores:

Mike Alli Brad
$18,100 $1 $3,199
2-day champion: $20,200 3rd place: $1,000 2nd place: $2,000

Game dynamics:

Coryat scores:

Mike Alli Brad
$10,800 $9,000 $11,000
13 R,
2 W
15 R
(including 1 DD),
4 W
17 R
(including 2 DDs),
3 W

Combined Coryat: $30,800

[game clues] [game scores] [suggest correction]

Game tape date: 2010-08-04
The J! Archive is created by fans, for fans. Scraping, republication, monetization, and malicious use prohibited; this site may use cookies and collect identifying information. See terms. The Jeopardy! game show and all elements thereof, including but not limited to copyright and trademark thereto, are the property of Jeopardy Productions, Inc. and are protected under law. This website is not affiliated with, sponsored by, or operated by Jeopardy Productions, Inc. Join the discussion at JBoard.tv.